Zur Photochemie von α,β-Epoxyketonen : die Umlagerung von 3-Oxo-4,5-oxydo-Steroiden /

Hlavní autor: Keller, Peter
Korporativní autor: Universität Zürich
Jazyk: Němčina
Vydáno: Zürich : Peter Keller, 1967
Témata:
Fyzický popis: 65 s. : il.
Knihy
Uloženo v:
LEADER 00766nam a22002292a 4500
001 001612257
003 CZ BrMZK
005 20180117144639.0
007 ta
008 180117s1967 sz a er|||||||||||ger d
040 |a BOA001  |b cze  |e aacr2 
100 1 |a Keller, Peter  |4 dis 
245 1 0 |a Zur Photochemie von α,β-Epoxyketonen :  |b die Umlagerung von 3-Oxo-4,5-oxydo-Steroiden /  |c Peter Keller 
260 |a Zürich :  |b Peter Keller,  |c 1967 
300 |a 65 s. :  |b il. 
502 |a Disertace--Universität Zürich, 1967 
655 7 |a disertace  |7 fd132024  |2 czenas 
710 2 |a Universität Zürich  |7 mzk2004225241 
910 |a BOA001  |b X-0617.845 
990 |a BK 
991 |b 201801 
996 7 |b 2618920534  |c X-0617.845  |l MZK  |r Sklad / do 24 hodin  |n 0  |w 001647692  |u 000010  |a 1  |e BOA001  |j MZK50  |s A